The God of Spinoza : A Philosophical Study /

El presente es un estudio acerca del pensamiento fundamental sobre Dios y la religión que el filósofo holandés Baruch Spinoza desarrollara. Spinoza identifica a Dios con la naturaleza y con la substancia, tema que se deja ver a lo largo de su trabajo.

محفوظ في:
التفاصيل البيبلوغرافية
المؤلف الرئيسي: Mason, Richard (autor)
التنسيق: كتاب
اللغة:الإنجليزية
منشور في: Cambridge, Inglaterra : Cambridge University, 2001, c2001
الموضوعات:
الوسوم: إضافة وسم
لا توجد وسوم, كن أول من يضع وسما على هذه التسجيلة!

MARC

LEADER 00000nam^a2200000^a^4500
001 000178703
005 20250521000000.0
009 20260310101759.546
020 |a 0-521-66585-X 
037 |a Acervo ITESO - Biblioteca 
041 |a ING 
082 |a 210.  |b MAS 
100 |a Mason, Richard  |e (autor) 
245 1 4 |a The God of Spinoza :  |b A Philosophical Study /  |c R. Mason. 
264 4 |a Cambridge, Inglaterra :  |b Cambridge University,  |c 2001, c2001 
300 |a XIV, 272 p. 
336 |a texto  |b txt  |2 rdacontenido 
337 |a sin mediación  |b n  |2 rdamedio 
338 |a volumen  |b nc  |2 rdasoporte 
520 |a El presente es un estudio acerca del pensamiento fundamental sobre Dios y la religión que el filósofo holandés Baruch Spinoza desarrollara. Spinoza identifica a Dios con la naturaleza y con la substancia, tema que se deja ver a lo largo de su trabajo. 
649 |a XX 
650 |a Filósofos Holandeses 
650 |a Dios -  |x Historia de Doctrinas -  |x Tema Principal 
650 |a Teología Filosófica -  |x Tema Principal 
650 |a Religión 
650 |a Metafísica 
650 |a Filosofía y Religión 
650 |a Spinoza, Baruch de -  |x Tema Principal 
910 |a Fondo General 
920 |a Impresos - Libros 
930 |a Colección General 
905 |a 101 
901 |a 0500117871  |b IT1  |c ACC  |u 20250521 
902 |a https://opac.biblio.iteso.mx/vufind/Record/000178703